| 000 | 00587nam a2200229Ia 4500 | ||
|---|---|---|---|
| 003 | IT-RoPAU | ||
| 008 | 120407s9999 xx 000 0 und d | ||
| 040 | _aIT-RoPAU | ||
| 040 | _cIT-RoPAU | ||
| 041 | _aita | ||
| 100 | _aGiuseppe Siri | ||
| 100 | _ccard. | ||
| 245 | _aEsercizi Spirituali. Tre corsi tenuti da S.E. il Card. Giuseppe Siri, arciv. di Genova, ai volontari della Pro Civitate Christiana. | ||
| 250 | _aAssisi | ||
| 260 | _aPro Civitate Christiana | ||
| 260 | _c1962 | ||
| 300 | _a530 p. | ||
| 300 | _c17,5 cm | ||
| 490 | _v1 | ||
| 942 | _cBK | ||
| 999 |
_c35529 _d35529 |
||